[Event "12.Città di Padova Open A"]
[Site "Padova"]
[Date "2009.12.13"]
[Round "1.4"]
[White "Isatto, Davide"]
[Black "Fercec, Nenad"]
[Result "0-1"]
[WhiteElo "1947"]
[BlackElo "2483"]
[Annotator "Gabriele Ballarin"]
[PlyCount "75"]
[EventDate "2009.12.13"]
[EventType "swiss"]
[EventRounds "9"]
[EventCountry "ITA"]

1. d4 Nf6 2. c4 g6 3. Nc3 d5 4. cxd5 Nxd5 5. e4 Nxc3 6. bxc3 Bg7 7. Be3 c5 8. Nf3 O-O 9. Qa4 Nd7 10. Be2 Nf6 11. Nd2 Ng4 12. Bxg4 Bxg4 13. O-O Be2 14. Rfe1 b5 15. Qa6 cxd4 16. cxd4 Bxd4 17. Bxd4 Qxd4 18. Nb3 Qc4 19. Rac1 Qxe4 20. Qxb5 Qxg2+ 21. Kxg2 Bxb5 22. Rxe7 Rfe8 23. Rcc7 Rxe7 24. Rxe7 Bc4 25. Rc7 Be6 26. Nc1 Rc8 27. Rxc8+ Bxc8 28. Kg3 Be6 29. a3 Bc4 30. Kf4 Kg7 31. Ke5 Kh6 32. Ke4 Bf1 33. Nb3 Kg5 34. Nd2 Bg2+ 35. Ke5 Kg4 36. Kf6 Bd5 37. f3+ Kf4 38. Kg7 0-1

[Event "12.Città di Padova Open A"]
[Site "Padova"]
[Date "2009.12.13"]
[Round "1.5"]
[White "Laketic, Gojko"]
[Black "Di Lazzaro, Gabriele"]
[Result "1-0"]
[WhiteElo "2468"]
[BlackElo "1930"]
[Annotator "Gabriele Ballarin"]
[PlyCount "95"]
[EventDate "2009.12.13"]
[EventType "swiss"]
[EventRounds "9"]
[EventCountry "ITA"]

1. d4 d5 2. c4 e6 3. Nc3 c6 4. e3 Nf6 5. Nf3 Nbd7 6. Qc2 Bd6 7. Be2 dxc4 8. a4 O-O 9. O-O Qe7 10. Bxc4 e5 11. Bb3 e4 12. Ng5 Bxh2+ 13. Kxh2 Ng4+ 14. Kg1 Qxg5 15. Qxe4 Qh5 16. Qf4 Ndf6 17. Qg3 Re8 18. e4 Be6 19. Bc2 Rad8 20. f3 Nh6 21. Rd1 Bc4 22. Qg5 Qg6 23. Be3 Nd7 24. Qa5 f5 25. exf5 Qh5 26. Re1 b6 27. Qb4 Bf7 28. Bf2 Nxf5 29. g4 Qh3 30. Bxf5 Qxf3 31. Rxe8+ Bxe8 32. Qe7 Rb8 33. Bxd7 Bxd7 34. Qxd7 Rf8 35. Qe6+ Kh8 36. Qe2 Qh3 37. Qe4 h5 38. g5 Rf5 39. Qh4 Qf3 40. Re1 Rf4 41. Re8+ Kh7 42. g6+ Kxg6 43. Qh2 Rg4+ 44. Kf1 Qd3+ 45. Ke1 Qf3 46. Re6+ Kf7 47. Re3 Qf5 48. Re5 1-0

[Event "12.Città di Padova Open A"]
[Site "Padova"]
[Date "2009.12.13"]
[Round "1.6"]
[White "Battagin_214, Mosè"]
[Black "Genocchio, Daniele"]
[Result "0-1"]
[WhiteElo "1916"]
[BlackElo "1464"]
[Annotator "Gabriele Ballarin"]
[PlyCount "60"]
[EventDate "2009.12.13"]
[EventType "swiss"]
[EventRounds "9"]
[EventCountry "ITA"]

1. e4 c5 2. Nf3 Nc6 3. Bb5 e6 4. O-O Nge7 5. Re1 a6 6. Bf1 d5 7. d3 Qc7 8. c3 g6 9. exd5 Nxd5 10. c4 Nde7 11. d4 cxd4 12. Nxd4 Bg7 13. Nxc6 Nxc6 14. Nc3 O-O 15. Bg5 h6 16. Bh4 f5 17. f3 Qb6+ 18. Bf2 Qxb2 19. Na4 Qxa1 20. Qxa1 Bxa1 21. Nb6 Rb8 22. Rxa1 e5 23. Rd1 Rd8 24. Nd5 b5 25. Ne7+ Kf7 26. Nxc6 Rxd1 27. Nxb8 bxc4 28. Nc6 Kf6 29. Bc5 c3 30. Kf2 c2 0-1

[Event "12.Città di Padova Open A"]
[Site "Padova"]
[Date "2009.12.13"]
[Round "1.7"]
[White "Naumkin, Igor"]
[Black "Bondielli, Giorgio"]
[Result "1-0"]
[WhiteElo "2463"]
[BlackElo "1907"]
[Annotator "Gabriele Ballarin"]
[PlyCount "75"]
[EventDate "2009.12.13"]
[EventType "swiss"]
[EventRounds "9"]
[EventCountry "ITA"]

1. d4 f5 2. Nf3 Nf6 3. Bg5 e6 4. Nbd2 Be7 5. Bxf6 Bxf6 6. e4 fxe4 7. Nxe4 O-O 8. Bd3 Nc6 9. c3 d5 10. Nxf6+ Qxf6 11. Qc2 Qh6 12. Bb5 Bd7 13. Qe2 a6 14. Bxc6 Bxc6 15. a4 Be8 16. Ne5 b5 17. b3 bxa4 18. bxa4 c5 19. O-O cxd4 20. cxd4 Qf4 21. Rfd1 a5 22. Ra3 Qg5 23. Nd3 Qe7 24. Nc5 Bf7 25. Re3 Rfe8 26. Qd2 Qd6 27. Rde1 Qc6 28. h4 Ra7 29. Rg3 Kh8 30. Qg5 Bg8 31. h5 h6 32. Qd2 Bh7 33. Qf4 Rae7 34. Qe5 Bf5 35. Rb3 Qc7 36. f3 Qxe5 37. Rxe5 Bh7 38. Rb5 1-0

[Event "12.Città di Padova Open A"]
[Site "Padova"]
[Date "2009.12.13"]
[Round "1.8"]
[White "Litrico, Paolo"]
[Black "Zaja, Ivan"]
[Result "0-1"]
[WhiteElo "1906"]
[BlackElo "2463"]
[Annotator "Gabriele Ballarin"]
[PlyCount "72"]
[EventDate "2009.12.13"]
[EventType "swiss"]
[EventRounds "9"]
[EventCountry "ITA"]

1. d4 e6 2. Nf3 Nf6 3. Bf4 c5 4. e3 Nc6 5. c3 Nh5 6. Bg3 Nxg3 7. hxg3 g6 8. Nbd2 d5 9. Bd3 Bd7 10. Nh4 g5 11. Nhf3 h6 12. Bb5 Qb6 13. Bxc6 Bxc6 14. Rb1 Bg7 15. dxc5 Qxc5 16. Nd4 Bd7 17. Qh5 e5 18. N4f3 Bf5 19. Nb3 Qc4 20. Ra1 Bg4 21. Nbd2 Bxh5 22. Nxc4 Bxf3 23. Nd6+ Kd7 24. Nf5 Bxg2 25. Rh2 Bf3 26. Nxg7 h5 27. Nf5 Ke6 28. e4 dxe4 29. Ne3 f5 30. Nc4 h4 31. gxh4 Rxh4 32. Rxh4 gxh4 33. Nd2 Bg2 34. Nf1 Rd8 35. Ne3 h3 36. Ke2 Bf3+ 0-1

[Event "12.Città di Padova Open A"]
[Site "Padova"]
[Date "2009.12.13"]
[Round "1.9"]
[White "Dvirnyy, Danyyil"]
[Black "Antoniacci, Riccardo"]
[Result "1-0"]
[WhiteElo "2461"]
[BlackElo "1895"]
[Annotator "Gabriele Ballarin"]
[PlyCount "89"]
[EventDate "2009.12.13"]
[EventType "swiss"]
[EventRounds "9"]
[EventCountry "ITA"]

1. e4 Nc6 2. Nf3 e5 3. Bb5 a6 4. Ba4 Nf6 5. O-O Be7 6. Re1 b5 7. Bb3 O-O 8. c3 d6 9. h3 Na5 10. Bc2 c5 11. d4 Qc7 12. Nbd2 Bb7 13. d5 Bc8 14. a4 Bd7 15. b4 cxb4 16. cxb4 Rfc8 17. Bd3 Qc3 18. Ba3 Nb7 19. Re3 Qc7 20. a5 g6 21. Rc1 Qd8 22. Bf1 Nh5 23. g3 Qf8 24. Rec3 Bd8 25. Rxc8 Rxc8 26. Rxc8 Bxc8 27. Qe1 f5 28. exf5 gxf5 29. Bb2 Qg7 30. Kh2 Nf6 31. Bg2 Qf7 32. Ng5 Qg7 33. Ne6 Qe7 34. Qe3 e4 35. Nf4 Qc7 36. Bc3 Be7 37. Qd4 Kf7 38. Nf1 Qd8 39. Ne3 Bf8 40. Qa7 Qc7 41. Bd4 Bh6 42. Ne6 Bxe6 43. dxe6+ Kxe6 44. Bxf6 Kxf6 45. Nd5+ 1-0

[Event "12.Città di Padova Open A"]
[Site "Padova"]
[Date "2009.12.13"]
[Round "1.10"]
[White "Belloni, Umberto"]
[Black "Lazic, Miroljub"]
[Result "0-1"]
[WhiteElo "1858"]
[BlackElo "2454"]
[Annotator "Gabriele Ballarin"]
[PlyCount "64"]
[EventDate "2009.12.13"]
[EventType "swiss"]
[EventRounds "9"]
[EventCountry "ITA"]

1. d4 d5 2. c3 Nf6 3. Bf4 e6 4. Nf3 Nbd7 5. e3 Be7 6. Nbd2 O-O 7. h3 b6 8. Bd3 Bb7 9. O-O c5 10. Rc1 a6 11. Qe2 b5 12. Ne5 Nxe5 13. Bxe5 Nd7 14. Bg3 Qb6 15. Nf3 Rfe8 16. Ne5 Nxe5 17. Bxe5 Bd6 18. f4 c4 19. Bb1 Bf8 20. Qg4 Bc8 21. Rf3 Ra7 22. Rg3 f5 23. Qh5 Ree7 24. Qe2 Reb7 25. Rf3 b4 26. g4 Rf7 27. gxf5 exf5 28. Qe1 Bd7 29. Rg3 bxc3 30. bxc3 Ba3 31. Rd1 Ba4 32. Bxg7 Rxg7 0-1

[Event "12.Città di Padova Open A"]
[Site "Padova"]
[Date "2009.12.13"]
[Round "1.11"]
[White "Borgo, Giulio"]
[Black "Fracasso Pezzolato, Michele"]
[Result "1-0"]
[WhiteElo "2439"]
[BlackElo "1832"]
[Annotator "Gabriele Ballarin"]
[PlyCount "80"]
[EventDate "2009.12.13"]
[EventType "swiss"]
[EventRounds "9"]
[EventCountry "ITA"]

1. e4 e5 2. Nf3 d6 3. d4 Nf6 4. Nc3 exd4 5. Nxd4 g6 6. Bg5 Bg7 7. Qd2 h6 8. Bf4 Bd7 9. O-O-O Nc6 10. Nxc6 Bxc6 11. Bc4 Qd7 12. Rhe1 O-O-O 13. f3 g5 14. Be3 Kb8 15. e5 dxe5 16. Bxa7+ Kc8 17. Qe3 Qe8 18. Rxd8+ Qxd8 19. Bc5 Nd5 20. Bxd5 Bxd5 21. Rd1 c6 22. Bb6 Qd6 23. Nxd5 cxd5 24. Qb3 d4 25. Qxf7 Qxb6 26. Qxg7 Re8 27. Qf7 Re6 28. a3 Kb8 29. Rd3 Qd6 30. Qf5 Rf6 31. Qe4 Rf4 32. Qe2 g4 33. Rb3 gxf3 34. gxf3 Qe7 35. Rb4 h5 36. Kb1 h4 37. Qd3 Qf7 38. Rb3 h3 39. a4 Rf6 40. Qe4 Qe6 1-0

[Event "12.Città di Padova Open A"]
[Site "Padova"]
[Date "2009.12.13"]
[Round "1.12"]
[White "Zordan, Antonio"]
[Black "Kizov, Atanas"]
[Result "0-1"]
[WhiteElo "1789"]
[BlackElo "1415"]
[Annotator "Gabriele Ballarin"]
[PlyCount "54"]
[EventDate "2009.12.13"]
[EventType "swiss"]
[EventRounds "9"]
[EventCountry "ITA"]

1. c4 Nf6 2. d4 g6 3. Nc3 Bg7 4. e4 d6 5. f3 O-O 6. Bd3 Nc6 7. Nge2 Nd7 8. Be3 e5 9. Bc2 exd4 10. Nxd4 Nde5 11. c5 Nc4 12. Nxc6 bxc6 13. Qc1 Nxe3 14. Qxe3 d5 15. Rd1 Qe7 16. Qf2 dxe4 17. fxe4 Rb8 18. Bd3 Bg4 19. Rd2 Rxb2 20. Nb1 Rb4 21. Qf4 Be6 22. a3 Rd4 23. O-O Qxc5 24. Kh1 Qd6 25. Qe3 Rd8 26. Rfd1 Bb3 27. Bc2 Bxc2 0-1

[Event "12.Città di Padova Open A"]
[Site "Padova"]
[Date "2009.12.13"]
[Round "1.13"]
[White "Dragojlovic, Andjelko"]
[Black "Zanini, Andrea"]
[Result "1-0"]
[WhiteElo "2394"]
[BlackElo "1669"]
[Annotator "Gabriele Ballarin"]
[PlyCount "65"]
[EventDate "2009.12.13"]
[EventType "swiss"]
[EventRounds "9"]
[EventCountry "ITA"]

1. e4 d5 2. exd5 Nf6 3. d4 Nxd5 4. c4 Nb6 5. Nc3 Nc6 6. Be3 Bf5 7. Be2 e6 8. Nf3 Be7 9. O-O O-O 10. Qd2 h6 11. Rfd1 Qd7 12. Rac1 Bf6 13. h3 Rfd8 14. b3 a6 15. d5 Ne7 16. Nd4 exd5 17. Nxf5 Qxf5 18. Bd4 Qg6 19. Bxb6 cxb6 20. Nxd5 Nxd5 21. cxd5 Rd6 22. Rc7 Rad8 23. Rxb7 Qg5 24. Qxg5 Bxg5 25. Bf3 b5 26. g3 g6 27. h4 Bf6 28. Rc1 b4 29. Rcc7 a5 30. Rxf7 Bc3 31. Bg4 Rxd5 32. Be6 R5d6 33. Rg7+ 1-0

[Event "12.Città di Padova Open A"]
[Site "Padova"]
[Date "2009.12.13"]
[Round "1.14"]
[White "De Marchi, Alessandro"]
[Black "Quinn, Mark"]
[Result "0-1"]
[WhiteElo "1654"]
[BlackElo "1393"]
[Annotator "Gabriele Ballarin"]
[PlyCount "84"]
[EventDate "2009.12.13"]
[EventType "swiss"]
[EventRounds "9"]
[EventCountry "ITA"]

1. d4 Nf6 2. c4 e6 3. Nf3 c5 4. Nc3 cxd4 5. Nxd4 Bb4 6. Qb3 Na6 7. Bd2 O-O 8. a3 Bc5 9. e3 e5 10. Nc2 Be7 11. Nb4 Nxb4 12. axb4 d6 13. g3 Be6 14. Bg2 Qd7 15. O-O Rfc8 16. Nd5 Nxd5 17. cxd5 Bh3 18. Rfc1 Bxg2 19. Kxg2 a6 20. e4 f5 21. Qd3 g6 22. exf5 Qxf5 23. Qxf5 gxf5 24. Rc3 Rxc3 25. bxc3 Rc8 26. Kf3 Kf7 27. Rg1 h5 28. Rb1 Rc4 29. b5 a5 30. Ra1 Bd8 31. b6 a4 32. Ke2 e4 33. f3 Bxb6 34. Rb1 Bc5 35. Rxb7+ Kf6 36. f4 a3 37. Rb1 h4 38. Kd1 hxg3 39. hxg3 Bf2 40. Kc2 Rc5 41. Rb6 Rxd5 42. c4 Rxd2+ 0-1

[Event "12.Città di Padova Open A"]
[Site "Padova"]
[Date "2009.12.13"]
[Round "1.15"]
[White "Grover, Sahaj"]
[Black "Franco, Alessandro P"]
[Result "1-0"]
[WhiteElo "2372"]
[BlackElo "1638"]
[Annotator "Gabriele Ballarin"]
[PlyCount "69"]
[EventDate "2009.12.13"]
[EventType "swiss"]
[EventRounds "9"]
[EventCountry "ITA"]

1. e4 Nf6 2. e5 Nd5 3. d4 d6 4. Nf3 Bg4 5. Be2 e6 6. exd6 cxd6 7. c4 Nb6 8. Nc3 Be7 9. O-O O-O 10. h3 Bh5 11. Be3 Nc6 12. b3 d5 13. c5 Nd7 14. b4 Bf6 15. b5 Bxf3 16. Bxf3 Ne7 17. Rc1 Qa5 18. Qd2 Qa3 19. Bd1 b6 20. Nb1 Qa5 21. Qxa5 bxa5 22. g4 h6 23. Ba4 e5 24. b6 exd4 25. Bxd7 dxe3 26. b7 exf2+ 27. Kg2 Rab8 28. c6 Bg5 29. Rcd1 Be3 30. Nc3 d4 31. Nb5 Nd5 32. Nxd4 Nf4+ 33. Kf3 Bxd4 34. Rxd4 Nxh3 35. c7 1-0

[Event "12.Città di Padova Open A"]
[Site "Padova"]
[Date "2009.12.13"]
[Round "1.17"]
[White "Rettore, Ludwig"]
[Black "Sitta, Marco"]
[Result "1-0"]
[WhiteElo "2197"]
[BlackElo "1572"]
[Annotator "Gabriele Ballarin"]
[PlyCount "91"]
[EventDate "2009.12.13"]
[EventType "swiss"]
[EventRounds "9"]
[EventCountry "ITA"]

1. d4 b6 2. e4 Bb7 3. Bd3 Nf6 4. Qe2 e6 5. Nf3 c5 6. c3 cxd4 7. cxd4 d5 8. e5 Ne4 9. O-O Be7 10. Nbd2 Nxd2 11. Bxd2 O-O 12. Rfe1 a5 13. Qe3 Ba6 14. Bc2 Nc6 15. a3 Rc8 16. Rac1 Qd7 17. h4 f6 18. exf6 Bxf6 19. Bc3 Rce8 20. Ng5 Bxg5 21. Qxg5 Qf7 22. Qg3 Qf4 23. Qxf4 Rxf4 24. g3 Rf6 25. f4 Ne7 26. Kf2 h5 27. Re5 g6 28. Rce1 Kf7 29. Ba4 b5 30. Bb3 Nc6 31. R5e3 b4 32. axb4 axb4 33. Ba4 Rc8 34. Bxc6 Rxc6 35. Bxb4 Rc2+ 36. Kf3 Rxb2 37. Bd6 Rb6 38. Be5 Rf5 39. Rc1 Bc4 40. Ra3 Rb7 41. Ra8 Rb3+ 42. Kf2 Rb2+ 43. Kg1 Rb7 44. Rh8 Ba6 45. Rh7+ Kg8 46. Rc8+ 1-0

[Event "12.Città di Padova Open A"]
[Site "Padova"]
[Date "2009.12.13"]
[Round "1.18"]
[White "Meggiorin, Orlando"]
[Black "Magrini, Fabrizio"]
[Result "0-1"]
[WhiteElo "1490"]
[BlackElo "2146"]
[Annotator "Gabriele Ballarin"]
[PlyCount "60"]
[EventDate "2009.12.13"]
[EventType "swiss"]
[EventRounds "9"]
[EventCountry "ITA"]

1. e4 c5 2. Nf3 d6 3. Bc4 e6 4. c3 Nf6 5. d3 Be7 6. Bg5 O-O 7. O-O a6 8. a4 b6 9. Nbd2 Nbd7 10. h3 Bb7 11. Re1 d5 12. exd5 Nxd5 13. Bxd5 Bxd5 14. Bxe7 Qxe7 15. Ne4 Rfd8 16. c4 Bb7 17. Re3 Nf8 18. Qb3 f5 19. Ned2 Rd6 20. Qc3 Rad8 21. Ne1 Ng6 22. Ndf3 f4 23. Re4 Bxe4 24. dxe4 a5 25. Ne5 Nxe5 26. Qxe5 Qf6 27. Nf3 Rd1+ 28. Rxd1 Rxd1+ 29. Kh2 Qxe5 30. Nxe5 Rd2 0-1

[Event "12.Città di Padova Open A"]
[Site "Padova"]
[Date "2009.12.13"]
[Round "1.19"]
[White "Cardili, Mariano"]
[Black "De Vito, Angelo"]
[Result "1-0"]
[WhiteElo "2106"]
[BlackElo "1440"]
[Annotator "Gabriele Ballarin"]
[PlyCount "103"]
[EventDate "2009.12.13"]
[EventType "swiss"]
[EventRounds "9"]
[EventCountry "ITA"]

1. d4 d5 2. c4 c6 3. Nf3 e6 4. Nc3 Bb4 5. Qb3 Bxc3+ 6. Qxc3 Nf6 7. e3 O-O 8. Bd3 dxc4 9. Qxc4 Qd5 10. Qc2 Nbd7 11. O-O c5 12. e4 Qh5 13. Bd2 e5 14. dxc5 Rd8 15. Be2 Nf8 16. h3 Be6 17. Bc3 Ng6 18. Nxe5 Qg5 19. Nxg6 Qxg6 20. Bf3 Bxh3 21. Bxf6 gxf6 22. Rfd1 Be6 23. b4 Rac8 24. a4 h5 25. Rxd8+ Rxd8 26. Rd1 Rxd1+ 27. Qxd1 h4 28. Qc1 Bd7 29. b5 Qg5 30. Qxg5+ fxg5 31. e5 Bc8 32. a5 Kf8 33. b6 axb6 34. axb6 Ke7 35. c6 bxc6 36. Bxc6 Ke6 37. b7 Bxb7 38. Bxb7 Kxe5 39. Kf1 f5 40. Ke2 Kd4 41. Bc8 Ke4 42. Bb7+ Kf4 43. Bc6 g4 44. Kf1 Ke5 45. Ke2 Kf4 46. Bb7 Ke5 47. Ke3 f4+ 48. Ke2 Kd4 49. Bc8 g3 50. fxg3 hxg3 51. Kf3 Ke5 52. Bh3 1-0

[Event "12.Città di Padova Open A"]
[Site "Padova"]
[Date "2009.12.14"]
[Round "2.1"]
[White "Lazic, Miroljub"]
[Black "Dervishi, Erald"]
[Result "1-0"]
[WhiteElo "2454"]
[BlackElo "2564"]
[Annotator "Gabriele Ballarin"]
[PlyCount "56"]
[EventDate "2009.12.13"]
[EventType "swiss"]
[EventRounds "9"]
[EventCountry "ITA"]

1. g3 e5 2. c4 Nf6 3. Nc3 d5 4. cxd5 Nxd5 5. Bg2 Be6 6. Nf3 Nc6 7. O-O Bc5 8. Nxe5 Nxe5 9. d4 Nxc3 10. bxc3 Bd6 11. dxe5 Bxe5 12. Bxb7 Qxd1 13. Rxd1 Rb8 14. Bc6+ Ke7 15. Be3 a6 16. f4 Bxc3 17. Bc5+ Kf6 18. Rac1 Ba5 19. Bd4+ Ke7 20. f5 Bxa2 21. f6+ Ke6 22. Bf3 Rb5 23. Rc6+ Kd7 24. fxg7 Rg8 25. Rxa6 Bd5 26. Bf2 c6 27. e4 Rxg7 28. exd5 cxd5 1-0

[Event "12.Città di Padova Open A"]
[Site "Padova"]
[Date "2009.12.14"]
[Round "2.2"]
[White "Salvador, Roland"]
[Black "Borgo, Giulio"]
[Result "1-0"]
[WhiteElo "2491"]
[BlackElo "2439"]
[Annotator "Gabriele Ballarin"]
[PlyCount "81"]
[EventDate "2009.12.13"]
[EventType "swiss"]
[EventRounds "9"]
[EventCountry "ITA"]

1. c4 Nf6 2. Nc3 c5 3. Nf3 Nc6 4. e3 e6 5. d4 d5 6. a3 a6 7. b3 cxd4 8. exd4 Ne4 9. Bb2 Nxc3 10. Bxc3 b6 11. Bd3 Be7 12. h4 Bb7 13. h5 Bf6 14. Bc2 Rc8 15. Qd3 Qc7 16. O-O Ne7 17. Nd2 dxc4 18. bxc4 Nd5 19. cxd5 Qxc3 20. Ba4+ Ke7 21. Qxc3 Rxc3 22. Ne4 Rc4 23. d6+ Kd8 24. Nxf6 gxf6 25. Rfc1 Rxc1+ 26. Rxc1 Rg8 27. Bc6 Bc8 28. Bf3 Kd7 29. Rc7+ Kxd6 30. Rxf7 f5 31. Rxh7 Bd7 32. h6 b5 33. Rg7 Rh8 34. h7 a5 35. Bd1 Bc6 36. g4 fxg4 37. Bc2 b4 38. axb4 a4 39. d5 Bxd5 40. Rg8 a3 41. Rxh8 1-0

[Event "12.Città di Padova Open A"]
[Site "Padova"]
[Date "2009.12.14"]
[Round "2.3"]
[White "Kizov, Atanas"]
[Black "Sanchez, Joseph"]
[Result "0-1"]
[WhiteElo "2415"]
[BlackElo "2487"]
[Annotator "Gabriele Ballarin"]
[PlyCount "29"]
[EventDate "2009.12.13"]
[EventType "swiss"]
[EventRounds "9"]
[EventCountry "ITA"]

1. d4 d5 2. c4 e6 3. Nc3 Bb4 4. Nf3 Nf6 5. cxd5 exd5 6. Bg5 c5 7. e3 O-O 8. Rc1 Nc6 9. Be2 h6 10. Bxf6 Qxf6 11. dxc5 Rd8 12. a3 d4 13. axb4 dxc3 14. Qb3 cxb2 15. Rb1 0-1

[Event "12.Città di Padova Open A"]
[Site "Padova"]
[Date "2009.12.14"]
[Round "2.4"]
[White "Fercec, Nenad"]
[Black "Dragojlovic, Andjelko"]
[Result "1/2-1/2"]
[WhiteElo "2483"]
[BlackElo "2394"]
[Annotator "Gabriele Ballarin"]
[PlyCount "137"]
[EventDate "2009.12.13"]
[EventType "swiss"]
[EventRounds "9"]
[EventCountry "ITA"]

1. e4 c5 2. Nf3 Nc6 3. d4 cxd4 4. Nxd4 g6 5. c4 Bg7 6. Be3 Nf6 7. Nc3 O-O 8. Be2 d6 9. Nc2 Nd7 10. Qd2 Nc5 11. b4 Bxc3 12. Qxc3 Nxe4 13. Qb2 f5 14. Bh6 Rf7 15. f3 e6 16. O-O Qf6 17. Qxf6 Nxf6 18. Rad1 Rd7 19. Rd2 Ne5 20. Rfd1 Nf7 21. Be3 Re7 22. Rd3 a6 23. Ra3 Bd7 24. Nd4 Ree8 25. Nb3 b5 26. c5 d5 27. Na5 Nd8 28. Bf4 Nc6 29. Nxc6 Bxc6 30. Be5 Nd7 31. Bd6 Nb8 32. Ra5 Bb7 33. Bxb8 Rexb8 34. f4 Bc6 35. Rd3 Kf7 36. Rda3 Bb7 37. Rc3 Rc8 38. Rh3 Kg7 39. Rc3 Rc6 40. a4 bxa4 41. Rxa4 Rb8 42. Rca3 Kf6 43. Kf2 Rc7 44. Rb3 Bc8 45. Bxa6 Bxa6 46. Rxa6 Rxc5 47. Rxe6+ Kxe6 48. Re3+ Kd6 49. bxc5+ Kxc5 50. Re7 Rb6 51. Rxh7 d4 52. Ke2 Kd5 53. Re7 Rb2+ 54. Kd3 Rxg2 55. Re5+ Kd6 56. Ra5 Ke6 57. Ra6+ Kf7 58. Ra7+ Kf6 59. Ra6+ Kg7 60. Ra4 Rxh2 61. Rxd4 Rh3+ 62. Ke2 Kh6 63. Rd6 Kh5 64. Kf2 Kg4 65. Rxg6+ Kxf4 66. Ra6 Rh2+ 67. Kf1 Kg4 68. Ra4+ f4 69. Ra3 1/2-1/2

[Event "12.Città di Padova Open A"]
[Site "Padova"]
[Date "2009.12.14"]
[Round "2.5"]
[White "Quinn, Mark"]
[Black "Laketic, Gojko"]
[Result "1-0"]
[WhiteElo "2393"]
[BlackElo "2468"]
[Annotator "Gabriele Ballarin"]
[PlyCount "81"]
[EventDate "2009.12.13"]
[EventType "swiss"]
[EventRounds "9"]
[EventCountry "ITA"]

1. d4 Nf6 2. c4 e6 3. Nc3 d5 4. cxd5 exd5 5. Bg5 c6 6. Qc2 Be7 7. e3 Nbd7 8. Bd3 O-O 9. Nge2 Re8 10. O-O Nf8 11. f3 c5 12. Bh4 a6 13. Kh1 c4 14. Bf5 b5 15. a3 Bb7 16. Rad1 g6 17. Bh3 Nh5 18. Bf2 f5 19. e4 fxe4 20. fxe4 dxe4 21. d5 e3 22. Bxe3 Bxa3 23. Bh6 Bb4 24. Qd2 Re5 25. Qd4 Qd6 26. Qf2 Qe7 27. d6 Bxd6 28. Rxd6 Qxd6 29. Qf7+ Kh8 30. Bxf8 Rxf8 31. Qxf8+ Qxf8 32. Rxf8+ Kg7 33. Rb8 Re7 34. Kg1 b4 35. Nd1 a5 36. Kf2 Ba6 37. Ra8 c3 38. Rxa6 c2 39. Ne3 Nf4 40. Nc1 b3 41. Rxa5 1-0

[Event "12.Città di Padova Open A"]
[Site "Padova"]
[Date "2009.12.14"]
[Round "2.6"]
[White "Genocchio, Daniele"]
[Black "Grover, Sahaj"]
[Result "1-0"]
[WhiteElo "2464"]
[BlackElo "2372"]
[Annotator "Gabriele Ballarin"]
[PlyCount "151"]
[EventDate "2009.12.13"]
[EventType "swiss"]
[EventRounds "9"]
[EventCountry "ITA"]

1. c4 e5 2. Nc3 Nf6 3. g3 d5 4. cxd5 Nxd5 5. Bg2 Nb6 6. Nf3 Nc6 7. O-O Be7 8. a3 Be6 9. d3 O-O 10. b4 a5 11. b5 Nd4 12. Nd2 Bd5 13. Nxd5 Nxd5 14. Bb2 a4 15. e3 Nxb5 16. Bxe5 Nxa3 17. Qg4 Bf6 18. Rxa3 Bxe5 19. Qe4 Bd6 20. Rxa4 c6 21. Rfa1 Rb8 22. Qd4 Qe7 23. Qb2 Rfd8 24. Nb3 Rd7 25. Ra8 Rxa8 26. Rxa8+ Rd8 27. Ra7 Bb8 28. Ra4 Nb6 29. Re4 Qf8 30. Na5 Bc7 31. Bf1 Ra8 32. Nc4 Nxc4 33. Rxc4 Ra7 34. Qb3 Qa3 35. Re4 Bd6 36. Qb6 h6 37. Re8+ Kh7 38. d4 Ra8 39. Rxa8 Qxa8 40. Bc4 f6 41. Bd3+ Kh8 42. Bb1 Qc8 43. Qb3 Bf8 44. Qf7 b6 45. e4 Qd8 46. e5 fxe5 47. Qg6 e4 48. Bxe4 Kg8 49. Qe6+ Kh8 50. Qg6 Kg8 51. Qxc6 Qf6 52. Qd5+ Kh8 53. Bd3 Qd6 54. Qf5 Kg8 55. Bc4+ Kh8 56. Bd3 Kg8 57. Qh7+ Kf7 58. Bc4+ Ke7 59. Qe4+ Kd8 60. Bb5 Be7 61. Qa8+ Kc7 62. d5 Bf6 63. Bc6 Bd4 64. Qa7+ Kd8 65. Kg2 Qc7 66. Qa3 Bc5 67. Qa8+ Qc8 68. Qa1 Qc7 69. h4 Qe7 70. Qa8+ Kc7 71. Bb5 Qe4+ 72. Kh2 Qd4 73. Qc6+ Kb8 74. Qe8+ Kc7 75. Qd7+ Kb8 76. Qd8+ 1-0

[Event "12.Città di Padova Open A"]
[Site "Padova"]
[Date "2009.12.14"]
[Round "2.7"]
[White "Bentivegna, Francesco"]
[Black "Naumkin, Igor"]
[Result "0-1"]
[WhiteElo "2303"]
[BlackElo "2463"]
[Annotator "Gabriele Ballarin"]
[PlyCount "52"]
[EventDate "2009.12.13"]
[EventType "swiss"]
[EventRounds "9"]
[EventCountry "ITA"]

1. e4 e6 2. d4 d5 3. Nc3 Bb4 4. e5 Ne7 5. Bd2 b6 6. Nce2 Bxd2+ 7. Qxd2 Ba6 8. h4 c5 9. c3 Nbc6 10. h5 h6 11. f4 O-O 12. Nf3 f6 13. O-O-O Bxe2 14. Bxe2 cxd4 15. cxd4 fxe5 16. fxe5 Na5 17. b3 Rc8+ 18. Kb2 Nec6 19. g4 Qe7 20. a3 b5 21. Rc1 Rb8 22. Rc5 Nc4+ 23. bxc4 bxc4+ 24. Ka2 Rb3 25. Rc1 Qb7 26. Rc2 Rxa3+ 0-1

[Event "12.Città di Padova Open A"]
[Site "Padova"]
[Date "2009.12.14"]
[Round "2.8"]
[White "Zaja, Ivan"]
[Black "Rettore, Ludwig"]
[Result "1-0"]
[WhiteElo "2463"]
[BlackElo "2197"]
[Annotator "Gabriele Ballarin"]
[PlyCount "69"]
[EventDate "2009.12.13"]
[EventType "swiss"]
[EventRounds "9"]
[EventCountry "ITA"]

1. d4 d5 2. c4 c6 3. Nf3 e6 4. Bg5 Be7 5. Bxe7 Nxe7 6. Qc2 dxc4 7. Qxc4 Nd7 8. Nc3 O-O 9. e3 Ng6 10. h4 h6 11. Bd3 Ne7 12. Bc2 Re8 13. e4 b5 14. Qd3 b4 15. Na4 a5 16. e5 Ng6 17. Qe4 Qc7 18. h5 Ngf8 19. g4 Ba6 20. g5 hxg5 21. Nxg5 f5 22. exf6 Nxf6 23. Qh4 Nd5 24. h6 g6 25. O-O-O Re7 26. Nc5 Qf4+ 27. Qxf4 Nxf4 28. Rh4 Nd5 29. Rg1 b3 30. Bxb3 a4 31. Bxa4 Bc4 32. a3 Bb5 33. Bc2 Nb4 34. Nf3 Be2 35. Ne5 1-0

[Event "12.Città di Padova Open A"]
[Site "Padova"]
[Date "2009.12.14"]
[Round "2.9"]
[White "Magrini, Fabrizio"]
[Black "Dvirnyy, Danyyil"]
[Result "0-1"]
[WhiteElo "2146"]
[BlackElo "2461"]
[Annotator "Gabriele Ballarin"]
[PlyCount "48"]
[EventDate "2009.12.13"]
[EventType "swiss"]
[EventRounds "9"]
[EventCountry "ITA"]

1. e4 e6 2. Nf3 d5 3. e5 c5 4. b4 cxb4 5. a3 Nc6 6. axb4 Bxb4 7. c3 Be7 8. d4 Nh6 9. Bxh6 gxh6 10. Bd3 f5 11. exf6 Bxf6 12. O-O O-O 13. Re1 Bd7 14. Nbd2 Qe7 15. Nf1 Rf7 16. Ne3 Qd6 17. Ng4 Qf4 18. Nxf6+ Qxf6 19. Ra2 Raf8 20. Ne5 Nxe5 21. Rxe5 Rg7 22. Qb1 a6 23. Rae2 b5 24. Qa2 Qf3 0-1

[Event "12.Città di Padova Open A"]
[Site "Padova"]
[Date "2009.12.14"]
[Round "2.10"]
[White "Garonzi, Martino"]
[Black "Efimov, Igor"]
[Result "0-1"]
[WhiteElo "2028"]
[BlackElo "2435"]
[Annotator "Gabriele Ballarin"]
[PlyCount "52"]
[EventDate "2009.12.13"]
[EventType "swiss"]
[EventRounds "9"]
[EventCountry "ITA"]

1. e4 c5 2. Nf3 e6 3. d4 cxd4 4. Nxd4 a6 5. Nc3 Qc7 6. Be3 Nf6 7. Bd3 Bb4 8. Bd2 Nc6 9. Nb3 Ne5 10. Qe2 b5 11. a4 bxa4 12. Rxa4 Nxd3+ 13. Qxd3 Be7 14. O-O O-O 15. f4 d6 16. f5 Rb8 17. Bg5 h6 18. Bf4 Kh8 19. Qh3 Nh7 20. Bxh6 gxh6 21. f6 Bxf6 22. Rxf6 Nxf6 23. e5 Nh7 24. Qxh6 f5 25. exd6 Qxd6 26. Rd4 Qe7 0-1